Facultad de Odontología.  Biblioteca.  Nodo central                      



header.jpg

Teoría y estructuras sociales (Registro nro. 3960)

Detalles MARC
000 -LEADER
campo de control de longitud fija 00849nam a22002537a 4500
003 - IDENTIFICADOR DE NÚMERO DE CONTROL
campo de control OSt
005 - FECHA Y HORA DE LA ÚLTIMA TRANSACCIÓN
campo de control 20241022181754.0
008 - DATOS DE LONGITUD FIJA--INFORMACIÓN GENERAL
campo de control de longitud fija 241022b |||||||| |||| 00| 0 sp d
020 ## - NÚMERO INTERNACIONAL ESTÁNDAR DEL LIBRO
Número Internacional Estándar del Libro 9681667794
040 ## - FUENTE DE CATALOGACIÓN
Centro catalogador/agencia de origen cunsuroc
Lengua de catalogación esp
Centro/agencia transcriptor ana
Centro/agencia modificador ana
082 ## - NÚMERO DE LA CLASIFICACIÓN DECIMAL DEWEY
Número de edición 4a. ed.
Número de clasificación 301.01 M575:4
Número de ítem 1
100 ## - ENTRADA PRINCIPAL--NOMBRE DE PERSONA
Nombre de persona Merton, Robert K.
9 (RLIN) 10259
245 ## - MENCIÓN DEL TÍTULO
Título Teoría y estructuras sociales
Mención de responsabilidad, etc. Merton, Robert K.
Medio Físico
250 ## - MENCION DE EDICION
Mención de edición 4a. ed.
260 ## - PUBLICACIÓN, DISTRIBUCIÓN, ETC.
Lugar de publicación, distribución, etc. México:
Nombre del editor, distribuidor, etc. Fondo de Cultura Económica,
Fecha de publicación, distribución, etc. 2002
300 ## - DESCRIPCIÓN FÍSICA
Extensión 776p.
Otras características físicas Colec. Sociológica
Dimensiones ; 23cm.
365 ## - PRECIO COMERCIAL
Cantidad 2
Unidad de precio 99.29 c/ u
Código ISO del país mx
504 ## - NOTA DE BIBLIOGRAFÍA, ETC.
Nota de bibliografía, etc. Bibliografía: 741-746
650 ## - PUNTO DE ACCESO ADICIONAL DE MATERIA--TÉRMINO DE MATERIA
Fuente del encabezamiento o término Sociología - Teoría
650 ## - PUNTO DE ACCESO ADICIONAL DE MATERIA--TÉRMINO DE MATERIA
Fuente del encabezamiento o término Estructura Burocrática - Pública
700 ## - ENTRADA AGREGADA--NOMBRE PERSONAL
Nombre de persona Torner, Florentino M. trad.
9 (RLIN) 10233
700 ## - ENTRADA AGREGADA--NOMBRE PERSONAL
Nombre de persona Bunge, Mario, trad.
9 (RLIN) 10260
942 ## - ELEMENTOS DE ENTRADA SECUNDARIOS (KOHA)
Fuente del sistema de clasificación o colocación Clasificación Decimal Dewey
Tipo de ítem Koha Libros
Edición 4a. ed.
Parte de la signatura que corresponde a la clasificación (Parte de la clasificación) 301.01 M575:4
Suprimir en OPAC No
Existencias
Estatus retirado Estado de pérdida Fuente del sistema de clasificación o colocación Estado de daño No para préstamo Código de colección Biblioteca de origen Biblioteca actual Ubicación en estantería Fecha de adquisición Fuente de adquisición Información codificada de la localización en otra ubicación Coste, precio normal de compra Número de inventario Total de préstamos Signatura topográfica completa Código de barras Visto por última vez Copia número Precio de reemplazo Tipo de ítem Koha
    Clasificación Decimal Dewey     No ficción BibIioteca Irma Enieé Ramírez Martínez del Centro Universitario de Mazatenango BibIioteca Irma Enieé Ramírez Martínez del Centro Universitario de Mazatenango Colección general 22/10/2024 comprado Estantería 99.29 56H7106-2011/7036   301.01 M575:4 1 56HB07036 22/10/2024 c. 1 22/10/2024 Libros
    Clasificación Decimal Dewey     No ficción BibIioteca Irma Enieé Ramírez Martínez del Centro Universitario de Mazatenango BibIioteca Irma Enieé Ramírez Martínez del Centro Universitario de Mazatenango Colección general 22/10/2024 comprado Estantería 99.29 56H7106-2011/7880   301.01 M575:4 1 56Hb07880 22/10/2024 c. 2 22/10/2024 Libros